| 000 | 00998cam a22002893a 4500 | ||
|---|---|---|---|
| 001 | 23258 | ||
| 003 | PGUSA | ||
| 005 | 20140828083508.0 | ||
| 008 | 071030s2007||||xxu|||||s|||||000 | eng d | ||
| 040 |
_aPGUSA _beng |
||
| 042 | _adc | ||
| 050 | 4 | _aE151 | |
| 100 | 1 |
_aDanckaerts, Jasper, _d1639- |
|
| 245 | 1 | 0 |
_aJournal of Jasper Danckaerts, 1679-1680 _h[electronic resource] / _cJasper Danckaerts |
| 260 |
_bProject Gutenberg, _c2007 |
||
| 506 | _aPublic domain in the USA. | ||
| 516 | _aElectronic text | ||
| 653 | _aUnited States -- Description and travel -- Early works to 1800 | ||
| 653 | _aLabadists | ||
| 653 | _aNew York (State) -- History -- Colonial period, ca. 1600-1775 | ||
| 653 | _aNew York (State) -- Description and travel -- Early works to 1800 | ||
| 700 | 1 |
_aJames, Bartlett Burleigh, _d1867-1953 |
|
| 700 | 1 |
_aJameson, J. Franklin _q(John Franklin), _d1859-1937 |
|
| 830 | 0 |
_aProject Gutenberg _v23258 |
|
| 856 | 4 | 0 | _uhttp://www.gutenberg.org/ebooks/23258 |
| 942 | _cEB | ||
| 999 |
_c252513 _d252513 |
||